00841nam a2200217 a 450000100060000000300090000600800410001502000150005604000280007108200170009910000470011624500360016326000300019930000160022959001320024565000330037765000320041094200120044299900170045495201520047112444CO-ViMGA141112s2004 ck r 000 u spa d a8485945697 aCO-ViMGAbspacCO-ViMGA04a796.355 M17j1 aMartinez, de Dios Maria del Carmen 91786910aJugar y disfrutar con el Hockey aMadrid : bGymnos, c1995 a171p. : il. aForma de adquisición : COMPRA - - Precio : 24.200 - - Proveedor : TUCIDIDES PEREA - - Fecha de adquisición : 09 - 06 - 200014aDEPORTES PARA NIÑOS91787014aHOCKEY - ENSEÑANZA917871 2ddccBK c23441d23441 00102ddc40708003aMEVIECARbMEVIECARd2015-12-04hVolumen. 1 | 11/jun/2009l0o796.355 M17j p12444r2015-12-04 00:00:00tEj. 1w2015-12-04yBK